| 000 | 00651nam a2200217 i 4500 | ||
|---|---|---|---|
| 001 | 57409 | ||
| 003 | ES-MaACL | ||
| 005 | 20250526173556.0 | ||
| 007 | t| | ||
| 008 | 031016s1982 sp ||||1| spa d | ||
| 100 | 1 |
_aDöblin, Alfred, _d1878-1957 _944938 |
|
| 245 | 1 | 0 |
_aBerlin Alexanderplatz / _cAlfred Döblin ; traducción de Miguel Sèz. |
| 250 | _a[1ª ed.]. | ||
| 260 |
_a[Barcelona] : _bBruguera, _c[1982] |
||
| 300 |
_a488 p. ; _c19 cm. |
||
| 490 | 1 | _aNarradores de hoy | |
| 700 | 1 |
_aSáenz, Miguel, _d1932- _9101299 |
|
| 830 | 0 |
_aNarradores de hoy _9182895 |
|
| 852 |
_aES-MaACL _jL-3527 _bR.104244 |
||
| 999 |
_c57409 _d57409 |
||